000 00451nam a2200181Ia 4500
008 210210b2011 xxu||||| |||| 00| 0 eng d
020 _a9789381421048
041 _aeng
082 _a574.19214 SHAB
100 _aSHARMA (Ashok Kumar)
245 _aBioinorganic chemistry
260 _aNew Delhi
_bRandom Publications
_c2011
300 _aviii,248
650 _achemistry
650 _aBioinorganic
690 _aBiochemistry
906 _a066859
999 _c149313
_d149313